साहित्य,समाज आणि संस्कृती : (Record no. 72267)

MARC details
000 -LEADER
fixed length control field 01491nam a22002777a 4500
005 - DATE AND TIME OF LATEST TRANSACTION
control field 20121010141910.0
008 - FIXED-LENGTH DATA ELEMENTS--GENERAL INFORMATION
fixed length control field 121010t xxu||||| |||| 00| 0 mar d
010 ## - LCCN (DPL NO)
LC control number MAR-22866
020 ## - INTERNATIONAL STANDARD BOOK NUMBER
Terms of availability 400.00
International Standard Book Number 8186152563
035 ## - SYSTEM CONTROL NUMBER
System control number MR-15524
037 ## - SOURCE OF ACQUISITION
Source of stock number/acquisition DBAD/PUB
040 ## - CATALOGING SOURCE
Original cataloging agency DPL
Language of cataloging MR
082 ## - DEWEY DECIMAL CLASSIFICATION NUMBER
Classification number 891.4609
100 ## - MAIN ENTRY--PERSONAL NAME
9 (RLIN) 53016
245 ## - TITLE STATEMENT
Title साहित्य,समाज आणि संस्कृती :
Remainder of title डॉ.गंगाधर पानतावणे गौरव ग्रंथ /
Statement of responsibility, etc मनोहर जाधव,केशव देशमुख [तथा] ऋषिकेश कांबळे द्वारा संपादित
246 ## - VARYING FORM OF TITLE
Title proper/short title Sahitya,Samaj Aani Sanskruti:Dr. Gangadhar Pantawane Gaurav Granth
Remainder of title edited by Manohar Jhadhav,Keshav Deshmukh and Rishikesh Kamble
260 ## - PUBLICATION, DISTRIBUTION, ETC. (IMPRINT)
Place of publication, distribution, etc पुणे
Name of publisher, distributor, etc सुविद्या प्रकाशन
Date of publication, distribution, etc 2006
270 ## - ADDRESS
City पुणे
Address 149,शनिवार पेठ,
Postal code 411030
300 ## - PHYSICAL DESCRIPTION
Extent 256पृ
Dimensions 22सेमी(अजिल्द)
Other physical details सचित्र
650 ## - SUBJECT ADDED ENTRY--TOPICAL TERM
9 (RLIN) 54401
700 ## - ADDED ENTRY--PERSONAL NAME
Personal name जाधव, मनोहर
9 (RLIN) 54421
700 ## - ADDED ENTRY--PERSONAL NAME
Personal name देशमुख, केशव
9 (RLIN) 54422
700 ## - ADDED ENTRY--PERSONAL NAME
Personal name कांबळे, ऋषिकेश
9 (RLIN) 54423
942 ## - ADDED ENTRY ELEMENTS (KOHA)
Source of classification or shelving scheme Dewey Decimal Classification
Item type Marathi Books
Call number suffix साहित्य
Classification part 891.4609
Holdings
Withdrawn status Lost status Source of classification or shelving scheme Damaged status Not for loan Collection code Home library Current library Date acquired Source of acquisition Cost, normal purchase price Total Checkouts Full call number Barcode Date last seen Copy number Cost, replacement price Koha item type
    Dewey Decimal Classification   Not For Loan Non-fiction D.B.Act.Division D.B.Act.Division 18/12/2012 DBAD / PUB 400.00   891.4609 साहित्य MR-15524 18/12/2012 1 400.00 Marathi Books

© Delhi Public Library
Hit Counter
free hit counter